000 00829nam a2200253Ia 4500
003 IN-BaIIA
008 211028s9999 xx s 000 0 eng d
020 _a978-1-4419-8115-8 (Print)
020 _a978-1-4419-8116-5 (Online)
022 _a0067-0057 (Print)
022 _a2214-7985 (Online)
040 _cIIA Library
100 _aCouprie, Dirk L.
_938925
245 0 _aHeaven and Earth in Ancient Greek Cosmology
_h[eBook]
260 _aNew York
_bSpringer New York
_c2011
300 _aOnline resource
490 _aAstrophysics and Space Science Library
650 _a Cosmology
650 _a History and Philosophical Foundations of Physics
_938299
650 _a Philosophy of Science
650 _aPhysics
_973
856 _uhttp://doi.org/10.1007/978-1-4419-8116-5
_yClick Here to Access eBook
942 _cEB
999 _c20980
_d20980